Famous Celebrities by Picture (Picture Quiz) - Statistics

General Stats
  • This quiz has been taken 1,366 times
  • The average score is 10 of 15
Answer Stats
Picture Answer % Correct
Dwayne Johnson
98%
Donald Trump
97%
Chris Hemsworth
84%
Robert Downey Jr.
83%
Ryan Reynolds
83%
Angelina Jolie
78%
Emma Stone
76%
Keanu Reeves
76%
Jenifer Lawrence
75%
George Clooney
72%
Jeremy Renner
52%
Amy Adams
42%
Michael J. Fox
41%
Julie Andrews
33%
James Stewart
18%
No matching quizzes found
Score Distribution
Percent of People with Each Score
Percentile by Number Answered
Your Score History
You have not taken this quiz